Mechanical behavior of engineering materials (Record no. 22120)

000 -LEADER
fixed length control field 00506nam a22001931 4500
001 - CONTROL NUMBER
control field 22120
003 - CONTROL NUMBER IDENTIFIER
control field BD-DhUET
008 - FIXED-LENGTH DATA ELEMENTS--GENERAL INFORMATION
fixed length control field 800331s1962 paua b s000 0 eng
040 ## - CATALOGING SOURCE
Original cataloging agency DLC
Transcribing agency TxCM
Modifying agency BD-DhUET
082 ## - DEWEY DECIMAL CLASSIFICATION NUMBER
Classification number 620.1
Item number MAR/1963
100 ## - MAIN ENTRY--PERSONAL NAME
Personal name Marin, Joseph
245 10 - TITLE STATEMENT
Title Mechanical behavior of engineering materials
250 ## - EDITION STATEMENT
Edition statement 1st ed.
260 ## - PUBLICATION, DISTRIBUTION, ETC. (IMPRINT)
Place of publication, distribution, etc. New Jersey
Name of publisher, distributor, etc. Prentice-Hall
Date of publication, distribution, etc. 1963
300 ## - PHYSICAL DESCRIPTION
Extent x, 502 p.
Other physical details ill.
504 ## - BIBLIOGRAPHY, ETC. NOTE
Bibliography, etc Includes bibliographies
650 #0 - SUBJECT ADDED ENTRY--TOPICAL TERM
Topical term or geographic name as entry element Applied mechanics
942 ## - ADDED ENTRY ELEMENTS (KOHA)
Koha item type General Book
Holdings
Location (home branch) Koha item type Koha date last borrowed Koha out on loan Damaged status Sublocation or collection (holding branch) Copy number Price effective from Source of classification or shelving scheme Koha normalized classification for sorting Lost status Not for loan Koha issues (times borrowed) Piece designation (barcode) Shelving location Date acquired Withdrawn status Koha date last seen Koha full call number
Central Library, BUETGeneral Book   Central Library, BUET12015-04-23 620_100000000000000_MAR_1963   21007Circulation section2015-04-23 2015-04-23620.1/MAR/1963
Central Library, BUETGeneral Book2022-07-032023-07-03 Central Library, BUET22015-04-23 620_100000000000000_MAR_1963  11571Circulation section2015-04-23 2022-07-03620.1/MAR/1963
Central Library, BUETGeneral Book   Central Library, BUET32015-04-25 620_100000000000000_MAR_1963   1570Circulation section2015-04-25 2015-04-25620.1/MAR/1963
Central Library, BUETGeneral Book   Central Library, BUET42015-04-30 620_100000000000000_MAR_1963   25732Circulation section2015-04-30 2015-04-30620.1/MAR/1963
Central Library, BUETGeneral Book   Central Library, BUET52015-08-23 620_100000000000000_MAR_1963   17659Circulation section2015-08-23 2015-08-23620.1/MAR/1963